1467 1805 1625 1060 1345 1514 1828 1449 1552 1832 1122 1466 1432 1239 1807 1240 1324 1173 1626 1105 1099 1891 1254 1203 1914 1814 1085 1777 1186 1506 1523 1266 1792 1796 1673 1387 1522 1700 1618 1582 1940 1567 1676 1543 1360 1855 1796 1731 1560 1003 1429 1005 1669 1727 1609 1818 1704 1574 1729 1241 1166 1973 1216 1549 1230 1008 1944 1609 1720 1899 1644 1878 1101 1727 1568 1919 1063 1696 1594 1055 1797 1482 1078 1352 1427 1127 1968 1417 1456 1900 1112 1758 1710 1455 1698 1127 1575 1234 1702 BCNSPRNW ULIB Ver.6.0+V

เปลี่ยนเป็นภาษาไทย

Change to English
 แสดงรายละเอียดบรรณานุกรม
  กลับหน้าหลัก

Brief Record : Get Marc (ISO 2709) : E-mail record : QR code < ปิดหน้าต่าง
LEADER : 00000nam 2200000uu 4500
001    13399120963
003     ULIB
008    121029s2549||||th 000 0 tha d
020    ^a9749508734
060 04 ^aWD210^bส790ก 2549
245 10 ^aการรักษาโรคอ้วนสำหรับแพทย์เวชปฏิบัติ /^cบรรณาธิการ,สุรเกียรติ อาชานานุภาพ
250    ^aพิมพ์ครั้งที่ 1
260    ^aกรุงเทพฯ :^bหมอชาวบ้าน,^c2549
300    ^a88 หน้า :^bภาพประกอบ ;^c21 ซม.
650  7 ^aโรคอ้วน^xการรักษา
700 0  ^aสุรเกียรติ อาชานานุภาพ,^eบรรณาธิการ
945    ^p0^l0^i15133
995    ^aกัณชพร
999 ^a ใช้งานได้ทุกระบบ
รายการนี้ยังไม่มีแท็ก
คุณยังไม่ได้ล็อกอิน คุณสามารถมีกิจกรรมร่วมกับเว็บไซต์ได้ แต่ต้องล็อกอินก่อน ::
  ล็อกอิน

รายการสื่อสารสนเทศ

ลำดับที่ ประเภท เลขเรียก/บาร์โค้ด สถานที่ สถานะ
1. วิทยาศาสตร์การแพทย์ และสุขภาพ
วิทยาศาสตร์การแพทย์ และสุขภาพ
WD210 ส790ก 2549  
  Barcode: 15133
ห้องสมุดวิทยาเขตสวรรค์ประชารักษ์
►หนังสือทั่วไป
บนชั้น

BibComment


ยังไม่เคยถูกคอมเมนท์

คอมเมนท์ทรัพยากรรายการนี้
  คอมเมนท์: การรักษาโรคอ้วนส..


 Copyright 2026. Bcnsprnw @Library